Directorio pesquero chileo
Gespeichert in:
| Körperschaften: | , |
|---|---|
| Format: | Buch |
| Sprache: | Englisch Spanisch |
| Veröffentlicht: |
Santiago
IFOP
1993
|
| Schlagworte: | |
| Tags: |
Tag hinzufügen
Keine Tags, Fügen Sie den ersten Tag hinzu!
|
MARC
| LEADER | 00000nam a2200000 a 4500 | ||
|---|---|---|---|
| 001 | UCR4945 | ||
| 003 | CL-VaPUC | ||
| 008 | 980320e19930000CL |||||||||||||||||eng|d | ||
| 041 | 0 | 7 | |a eng |2 CL-VaPUC |
| 041 | 0 | 7 | |a spa |2 CL-VaPUC |
| 082 | 0 | 4 | |a 639.2 |b IFO |2 21 |
| 110 | 2 | |a IFOP |e author |9 405555 | |
| 710 | 2 | |a Instituto de Fomento Pesquero |e author |9 405556 | |
| 245 | 1 | 0 | |a Directorio pesquero chileo |
| 246 | 1 | 0 | |a Chilean fisheries directory |
| 300 | |a 106 p | ||
| 942 | |c BK | ||
| 945 | |d 19980320 00:00:00 |a crobeson | ||
| 260 | |a Santiago |b IFOP |c 1993 | ||
| 650 | 7 | |a INDUSTRIA PESQUERA DIRECTORIOS |2 CL-VaPUC |9 405557 | |
| 651 | 7 | |a CHILE |2 CL-VaPUC |9 405558 | |
| 583 | |a last modification |c 19980320 00:00:00 |k Rodrigo Vera | ||
| 999 | |c 267723 |d 267721 | ||